000 00365nam a2200145Ia 4500
008 151213s9999 xx 000 0 und d
020 _a984-32-2248-2
100 _aAsiatic Society
245 _aGolden Jubilee
_cAsiatic Society
260 _aDhaka
_bAsiatic Socitey
_c2005
300 _a7193 p.
650 _aReference
700 _aAsiatic Society
999 _c3831
_d3831